000 01467cam a2200421 a 4500
001 22330
003 VRT
005 20260326141453.0
008 240315s2012 xo g 000 f slo
015 _aSNBA2013
020 _a9788055132419
_q(brož.)
035 _aEAC182D5-D359-401E-9FE9-11C42E98CB0B
035 _aurn:nbn:sk:snk-amjmc5
035 _aurn:nbn:sk:snk-am002erd
039 9 _a202512091612
_bAUTHORITY
_c202512091603
_dAUTHORITY
_c202403151745
_dVLOAD
_c201508271453
_dVLOAD
040 _aPPPK
_bslo
_cPPPK
_dSVKBB
_dSNK
_eAACR2
041 0 _aslo
044 _axo
_cSK
072 7 _a821.162.4-3
_xSlovenská próza
_2konspekt
080 _a821.162.4-31
_22001
080 _a(0:82-31)
_22001
100 1 _aScherhauferová, Ružena,
_d1950-
_4aut
245 1 0 _aPredajná láska
_cRužena Scherhauferová
250 _a[1. vyd.]
260 _aBratislava
_bIkar
_c2012
300 _a382 s.
_c17 cm
490 1 _aPríbehy z kabelky
655 7 _aslovenské romány
_2SNKPH
655 7 _aSlovak fiction
_2SNKPHeng
830 0 _aPríbehy z kabelky
942 _2ddc
_cKLDO
_n0
949 _62889198204
_asavukPV 18596
_bsavuk2014/278
949 _6270001000405806
_asvkbbA 137110
_bsvkbbm 733238
949 _6273K0551559
_asvkpoA 215463
_bsvkpo555258
949 _617A1061736
_asnkSD 81735
_bsnk2013/2172
_o2965/2012
949 _617A1061735
_asnkSD 81735 D1
_bsnk2013/2173
_o2965/2012
_s6100:20140925
999 _c22330
_d22330